000 00477nam a2200181Ia 4500
005 20250508152615.0
008 008 250505s9999 xx 000 0 eng d
037 _aTextual
040 _aFEDL
_beng
_cFEDL
041 _aeng
_2eng
084 _a630, DAN
_qFEDL
100 _aDance E H
_995901
245 0 _aFarming and food
260 _aLondon, UK
_bLongmans, Green and Co.
_c1955
300 _a59p.
942 _cTEXL
_h630, DAN
999 _c1337568
_d1337568